Science Quiz

Random Science or Chemistry Quiz

Elements with Clever Aliases Quiz Stats

 Plays Quiz Updated Jun 8, 2018

Score 0/11 Timer 02:00
4 Plays Today
Element (Symbol) % Correct
Gold (Au)
89.7%
Silver (Ag)
87%
Potassium (K)
71.4%
Lead (Pb)
69.8%
Iron (Fe)
65.7%
Tin (Sn)
63%
Sodium (Na)
58.1%
Mercury (Hg)
54.3%
Copper (Cu)
52.9%
Tungsten (W)
51.8%
Antimony (Sb)
35.2%

You're not logged in!

Compare scores with friends on all Sporcle quizzes.
OR
Log In

Sporcle TV

Today on Sporcle TV


Watch our educational content, quiz creation guides, and fun videos on Sporcle TV.

Show Comments

Extras

Top Quizzes Today


Score Distribution

Your Account Isn't Verified!

In order to create a playlist on Sporcle, you need to verify the email address you used during registration. Go to your Sporcle Settings to finish the process.

Report this User

Report this user for behavior that violates our Community Guidelines.

Details: